Biblioteca

Siete cuentos maravillosos (Registro nro. 67828)

Detalles MARC
000 -LÍDER
Campo fijo de descripción fija 01259nam a22002657a 4500
001 - NÚMERO DE CONTROL
Campo de control BINCO
003 - IDENTIFICADOR DEL NÚMERO DE CONTROL
Campo de control CO-MdBIC
005 - FECHA Y HORA DE LA ULTIMA TRANSACCIÓN
control field 20220427212336.0
008 - ELEMENTOS DE LONGITUD FIJA -- INFORMACIÓN GENERAL
Campo fijo de descripción fija -- Información general 220427b2005 ck a|||| |||| 00| 0 spa d
020 ## - NÚMERO INTERNACIONAL NORMALIZADO PARA LIBROS
Número Internacional Normalizado del libro 9789587046762
040 ## - FUENTE DE CATALOGACIÓN
Agencia de catalogación original CO-MdBIC
Idioma de catalogación spa.
Agencia que realiza la transcripción CO-MdBIC
Agencia que realiza la modificación CO-MdBIC
041 ## - CÓDIGO DE IDIOMA
Código de idioma para texto/pista de sonido o título separado spa
082 ## - NÚMERO DE CLASIFICACIÓN DECIMAL DEWEY
Número de la edición del Dewey 22
Número de clasificación 863
Clave de autor-Numero de item R666
100 ## - ASIENTO PRINCIPAL--NOMBRE PERSONAL
Nombre personal Robledo, Beatriz Helena,
Fechas asociadas con el nombre 1958-
245 ## - TÍTULO
Título del Material Siete cuentos maravillosos
Mención de responsabilidad, etc. /Robledo, Beatriz Helena, escritora
Fechas incluidas 1958-
250 ## - MENCIÓN DE EDICIÓN
Mención de edición Primera edición
260 1# - PUBLICACIÓN, DISTRIBUCIÓN, ETC. (PIE DE IMPRENTA)
Lugar de publicación, distribución, etc. Bogotá, Colombia:
Nombre del editor, distribuidor, etc. alfaguara,
Fecha de publicación, distribución, etc. [2005]
260 4# - PUBLICACIÓN, DISTRIBUCIÓN, ETC. (PIE DE IMPRENTA)
Lugar de publicación, distribución, etc. © 2005
300 ## - DESCRIPCIÓN FÍSICA
Extensión 117 paginas;
Otros detalles físicos ilustraciones a color:
Dimensiones 23 cm.
490 ## - MENCIÓN DE SERIE
Mención de serie nidos para la lectura
500 ## - NOTA GENERAL
Nota General Durante esta etapa de tránsito entre el lenguaje oral y el escrito, los cuentos maravillosos le abren al lector nuevas posibilidades interpretativas y simbólicas. Compartir estas historias con los adultos cercanos es descubrir el poder de la literatura para entablar profundas conversaciones sobre la vida. Junto a las voces de los mayores que le leen, el niño irá descubriendo los recursos interiores que posee para explorar sus emociones, sus sueños y sus temores.<br/>
650 #7 - ASIENTO SECUNDARIO DE MATERIA - TERMINO TEMÁTICO
9 (RLIN) 100
Término temático o nombre geográfico como elemento de entrada Educación infantil
700 ## - ASIENTO SECUNDARIO - NOMBRE PERSONAL
Nombre personal Clara Inés Ochoa
Responsabilidad ilustradora
942 ## - TIPO DE MATERIAL (KOHA)
Tipo de Item KOHA Z- Libro General BINCO
Existencias
Estado de Material Estado de Perdido Forma de Clasificación Estado de Dañado No para Préstamo Biblioteca de Origen Biblioteca Permanente Fecha de Adquisición Total de Préstamos Signatura Topográfica Código de Barras Última vez visto Ejemplar/Existencia Fecha de Remplazo Tipo de Material
    Dewey Decimal Classification     Biblioteca Infantil Comunitaria BINCO Biblioteca Infantil Comunitaria BINCO 27/04/2022   863 R666 B32190 27/04/2022 ej.1 27/04/2022 Z- Libro General BINCO

Biblioteca FUSBC | Teléfono: (57+4) 349 88 10 Ext. 141| WhatsApp (+57) 3005338115 
E-mail: biblioteca@unisbc.edu.co | Calle 76 87-14 Robledo Palenque, Medellín, Colombia

Con tecnología Koha